[Event "4NCL Online Division 1"]
[Site "online"]
[Date "2020.04.07"]
[Round "1.11"]
[White "Arkell, Keith C"]
[Black "Redmond, John P."]
[Result "1-0"]
[WhiteElo "2429"]
[BlackElo "2327"]
[PlyCount "101"]
[EventDate "2020.04.07"]
[WhiteTeam "Arkell's Angels"]
[BlackTeam "Atticus A"]

1. d4 Nf6 2. Nf3 d5 3. c4 e6 4. cxd5 exd5 5. Nc3 c6 6. Bg5 Be7 7. e3 Bf5 8.
Bxf6 Bxf6 9. Bd3 Bxd3 10. Qxd3 O-O 11. b4 Nd7 12. b5 Qa5 13. O-O Nb6 14. bxc6
bxc6 15. Rfc1 Rab8 16. Nd2 Qa3 17. Qc2 Rfc8 18. Ne2 c5 19. Qb3 Qxb3 20. Nxb3 c4
21. Nd2 Be7 22. Rab1 Nd7 23. Nc3 Nf6 24. f3 Bb4 25. Nf1 Bxc3 26. Rxb8 Rxb8 27.
Rxc3 Kf8 28. Ra3 Rc8 29. Nd2 Rc7 30. Nb1 Rb7 31. Nc3 Ke7 32. g4 g5 33. Kf2 h6
34. Kg3 Rd7 35. Ra6 Rb7 36. h4 Rd7 37. h5 Rb7 38. e4 dxe4 39. fxe4 Nd7 40. Nd5+
Kf8 41. Rxh6 Nb6 42. Nc3 Rc7 43. d5 Rc5 44. Kf3 Ra5 45. Ke3 Ra3 46. Kd4 Na4 47.
Nxa4 Rxa4 48. Rc6 c3+ 49. Kxc3 Rxe4 50. h6 Kg8 51. d6 1-0

[Event "4NCL Online Division 1"]
[Site "online"]
[Date "2020.04.07"]
[Round "1.12"]
[White "Kennaugh, Charles W"]
[Black "Neelotpal, Das"]
[Result "0-1"]
[WhiteElo "2249"]
[BlackElo "2425"]
[PlyCount "98"]
[EventDate "2020.04.07"]
[WhiteTeam "Atticus A"]
[BlackTeam "Arkell's Angels"]

1. e4 e5 2. Nc3 Nf6 3. f4 d5 4. fxe5 Nxe4 5. Nf3 Be7 6. Qe2 Nxc3 7. dxc3 O-O 8.
Bf4 c6 9. O-O-O Na6 10. Kb1 Nc5 11. Qe1 Re8 12. c4 Qb6 13. Be3 Be6 14. Nd4 Bg4
15. Rc1 Na4 16. Nb3 Qd8 17. Qg3 Bh5 18. cxd5 Qxd5 19. Bd3 Bf8 20. Bf4 Nb6 21.
Rce1 Qd7 22. Rhf1 Nd5 23. Bc1 a5 24. Bf5 Qc7 25. Nd4 Bg6 26. Bxg6 fxg6 27. Nf3
a4 28. a3 b5 29. Ng5 b4 30. Rf7 Qb6 31. Qf2 Qxf2 32. Rxf2 bxa3 33. bxa3 Rab8+
34. Ka1 Bc5 35. Rf3 Bd4+ 36. Ka2 Nc3+ 37. Rxc3 Bxc3 38. Re4 Rxe5 39. Rc4 Re1
40. Rxc3 Rxc1 41. Rxc6 h6 42. Ne6 Rcb1 43. Rc8+ Rxc8 44. Kxb1 Rc4 45. g3 g5 46.
Kb2 Kf7 47. Nd8+ Ke7 48. Nb7 Rc7 49. Na5 Rc5 0-1

[Event "4NCL Online Division 1"]
[Site "online"]
[Date "2020.04.07"]
[Round "1.13"]
[White "Littlewood, Paul E"]
[Black "Kee, Steve"]
[Result "1-0"]
[WhiteElo "2347"]
[BlackElo "2155"]
[PlyCount "71"]
[EventDate "2020.04.07"]
[WhiteTeam "Arkell's Angels"]
[BlackTeam "Atticus A"]

1. d4 f5 2. Nf3 Nf6 3. Nc3 d5 4. Bf4 c6 5. e3 e6 6. a3 Be7 7. Ne5 O-O 8. Be2
Nbd7 9. h3 Ne4 10. Nxe4 fxe4 11. O-O Nxe5 12. Bxe5 Bd6 13. Bxd6 Qxd6 14. c4 b6
15. Rc1 Bd7 16. b4 Rf6 17. c5 Qe7 18. b5 Rc8 19. cxb6 axb6 20. bxc6 Rxc6 21.
Rxc6 Bxc6 22. Qb3 e5 23. dxe5 Qxe5 24. Qxb6 h6 25. Rc1 Be8 26. Qc7 Qf5 27. Qg3
Kh7 28. Bg4 Qg5 29. Rc8 Bf7 30. Qb8 d4 31. exd4 e3 32. Rh8+ Kg6 33. Qb1+ Rf5
34. Qxf5+ Qxf5 35. Bxf5+ Kxf5 36. fxe3 1-0

[Event "4NCL Online Division 1"]
[Site "online"]
[Date "2020.04.07"]
[Round "1.14"]
[White "James, David J"]
[Black "Friedgood, David"]
[Result "1-0"]
[WhiteElo "2147"]
[BlackElo "2188"]
[PlyCount "81"]
[EventDate "2020.04.07"]
[WhiteTeam "Atticus A"]
[BlackTeam "Arkell's Angels"]

1. d4 g6 2. Nf3 Bg7 3. g3 d6 4. Bg2 Nf6 5. O-O O-O 6. Re1 c6 7. a4 a5 8. h3
Nbd7 9. e4 e5 10. Nc3 h6 11. Be3 Re8 12. Qd2 Kh7 13. Rad1 Qc7 14. Nh2 Nf8 15.
f4 exf4 16. gxf4 d5 17. e5 Nh5 18. Qf2 Bf5 19. Nf3 Qe7 20. Re2 Qd7 21. Kh2 Ne6
22. Nh4 Nc7 23. Qf1 Bf8 24. Nxf5 Qxf5 25. Bf3 Qd7 26. Bg4 Qd8 27. Bxh5 gxh5 28.
f5 Qh4 29. Qf4 Qxf4+ 30. Bxf4 Be7 31. e6 Bd8 32. exf7 Rf8 33. Re6 Nxe6 34. fxe6
Be7 35. Rg1 Rac8 36. Be5 b5 37. Rg7+ Kh8 38. axb5 cxb5 39. Nxd5 Bd6 40. Rg8+
Kh7 41. Nf6# 1-0

[Event "4NCL Online Division 1"]
[Site "online"]
[Date "2020.04.07"]
[Round "1.21"]
[White "Abdulla, Murad"]
[Black "Harvey, Marcus R"]
[Result "0-1"]
[WhiteElo "2287"]
[BlackElo "2440"]
[PlyCount "182"]
[EventDate "2020.04.07"]
[WhiteTeam "Bon Accord A"]
[BlackTeam "Wood Green"]

1. e4 c6 2. Nf3 d5 3. Nc3 Nf6 4. e5 Ne4 5. Ne2 Bg4 6. d3 Nc5 7. d4 Ne6 8. c3 g6
9. Ng3 h5 10. h3 Bxf3 11. Qxf3 h4 12. Ne2 Bh6 13. Bxh6 Rxh6 14. Nf4 Ng5 15. Qg4
e6 16. Bd3 Nd7 17. O-O Qe7 18. b4 Nh7 19. a4 Qg5 20. Qf3 Nhf8 21. Qe3 Nh7 22.
b5 c5 23. Rfe1 c4 24. Be2 Nb6 25. Bf3 Rd8 26. a5 Nc8 27. b6 a6 28. Bd1 Ne7 29.
Bc2 Nf5 30. Qc1 Kf8 31. Ne2 Qxc1 32. Raxc1 Ke7 33. Kh2 Rh8 34. Ng1 Nf8 35. Nf3
Nd7 36. Ba4 Nb8 37. Ng5 Rh5 38. f4 Rxg5 39. fxg5 Rh5 40. Bd1 Rxg5 41. Bf3 Nc6
42. Ra1 Nh6 43. Kg1 Rg3 44. Kf2 Kd8 45. Ke3 Nf5+ 46. Kd2 Nb8 47. Kc2 Nd7 48.
Kb2 Nf8 49. Re2 Nh7 50. Rf1 Ng5 51. Ka3 Kd7 52. Kb4 Ne7 53. Rff2 Nc6+ 54. Ka4
Ke7 55. Rc2 Ke8 56. Rf1 Kd7 57. Re2 Ne7 58. Kb4 Kc6 59. Re3 Nf5 60. Bd1 Kd7 61.
Rxg3 hxg3 62. Re1 Nh4 63. Re3 Ne4 64. Bf3 Nf2 65. Be2 Nf5 66. Rf3 Nxh3 67. Rf1
Nf2 68. Bd1 Ne3 69. Ba4+ Kd8 70. Rg1 g5 71. Ka3 Nf5 72. Bc2 Ne7 73. Re1 g4 74.
Re3 Nf5 75. Re2 Nh4 76. Re3 Nxg2 77. Rxg3 Ne1 78. Bd1 Nxd1 79. Rxg4 Nxc3 80.
Rg8+ Kd7 81. Rb8 Nb5+ 82. Ka2 c3 83. Rxb7+ Kc8 84. Rxf7 c2 85. Rf8+ Kd7 86. Kb2
Nxd4 87. Rf7+ Ke8 88. Rc7 Nd3+ 89. Ka3 c1=Q+ 90. Rxc1 Nxc1 91. b7 Nc6 0-1

[Event "4NCL Online Division 1"]
[Site "online"]
[Date "2020.04.07"]
[Round "1.22"]
[White "Fernandez, Daniel Howard"]
[Black "Olson, Hamish"]
[Result "1-0"]
[WhiteElo "2466"]
[BlackElo "2246"]
[PlyCount "119"]
[EventDate "2020.04.07"]
[WhiteTeam "Wood Green"]
[BlackTeam "Bon Accord A"]

1. e4 e5 2. Nf3 Nc6 3. Bb5 Nf6 4. O-O Nxe4 5. d4 Nd6 6. Bxc6 dxc6 7. dxe5 Nf5
8. Qxd8+ Kxd8 9. h3 Ke8 10. b3 Ne7 11. Re1 Bf5 12. Nd4 Rd8 13. Nxf5 Nxf5 14.
Kf1 h5 15. c3 Be7 16. Nd2 Rd5 17. Nf3 h4 18. Bf4 Kd8 19. Rad1 Kc8 20. Rxd5 cxd5
21. Ke2 Rg8 22. Nd4 Nxd4+ 23. cxd4 Kd7 24. Kf3 Ke6 25. Rc1 c6 26. Kg4 f5+ 27.
exf6 gxf6+ 28. Kf3 Rh8 29. Bd2 Bd6 30. b4 a6 31. a4 Kd7 32. Rb1 Rg8 33. Rb3 f5
34. Rb1 Be7 35. g3 Rf8 36. Bf4 Bf6 37. Be3 Re8 38. gxh4 Rh8 39. Bg5 Bxd4 40.
Re1 Rh7 41. Re2 Bc3 42. Kf4 Bxb4 43. Kxf5 Bc3 44. f4 b5 45. axb5 axb5 46. Ra2
Kd6 47. Kg6 Rb7 48. f5 b4 49. Bf4+ Kc5 50. f6 b3 51. Rf2 Bxf6 52. Kxf6 b2 53.
Rc2+ Kd4 54. Rxb2 Rh7 55. Bg5 c5 56. Kg6 Rd7 57. h5 Kc3 58. Rf2 d4 59. h6 d3
60. h7 1-0

[Event "4NCL Online Division 1"]
[Site "online"]
[Date "2020.04.07"]
[Round "1.23"]
[White "Gray, Euan"]
[Black "Houska, Jovanka"]
[Result "0-1"]
[WhiteElo "2098"]
[BlackElo "2381"]
[PlyCount "74"]
[EventDate "2020.04.07"]
[WhiteTeam "Bon Accord A"]
[BlackTeam "Wood Green"]

1. d4 d5 2. c4 e6 3. Nc3 Nf6 4. cxd5 exd5 5. Bg5 Be7 6. e3 c6 7. Bd3 Nbd7 8.
Qc2 O-O 9. Nge2 Re8 10. O-O Nf8 11. f3 g6 12. Rad1 Ne6 13. Bh4 b5 14. Bf2 Bb7
15. Rfe1 Rc8 16. a3 a5 17. e4 dxe4 18. Nxe4 Nd5 19. Nc5 Nxc5 20. dxc5 Bh4 21.
Ng3 Rc7 22. Be4 Rd7 23. Bxd5 Rxe1+ 24. Rxe1 Rxd5 25. Ne4 Be7 26. Bg3 Bc8 27.
Nd6 Be6 28. Qe4 Bf6 29. b4 axb4 30. axb4 Qa8 31. Bf2 Qa2 32. Ne8 Bc3 33. Rf1
Rd2 34. Nc7 Rxf2 35. Rxf2 Qa1+ 36. Rf1 Bd4+ 37. Qxd4 Qxd4+ 0-1

[Event "4NCL Online Division 1"]
[Site "online"]
[Date "2020.04.07"]
[Round "1.24"]
[White "Taylor, Adam C"]
[Black "Schwartz, Julius"]
[Result "0-1"]
[WhiteElo "2347"]
[BlackElo "2090"]
[PlyCount "66"]
[EventDate "2020.04.07"]
[WhiteTeam "Wood Green"]
[BlackTeam "Bon Accord A"]

1. e4 c5 2. Nf3 e6 3. d4 cxd4 4. Nxd4 a6 5. c4 Qc7 6. Nc3 Nf6 7. a3 Be7 8. Be2
O-O 9. O-O d6 10. Be3 Nbd7 11. Rc1 b6 12. Qd2 Bb7 13. f3 Rac8 14. Rfd1 Rfe8 15.
Bf1 Qb8 16. Qf2 Ne5 17. Na4 d5 18. Nxb6 dxe4 19. Nxc8 Rxc8 20. f4 Neg4 21. Qg3
Bd6 22. Ne2 Nxe3 23. Qxe3 Bc5 24. Nd4 e5 25. fxe5 Qxe5 26. Be2 Rd8 27. Kh1 Bxd4
28. Qb3 Rb8 29. c5 Bxc5 30. Bxa6 Ng4 31. Qg3 Qxg3 32. hxg3 Nf2+ 33. Kh2 Bxa6
0-1

[Event "4NCL Online Division 1"]
[Site "online"]
[Date "2020.04.07"]
[Round "1.31"]
[White "Polaczek, Richard"]
[Black "Chow, Samuel"]
[Result "1/2-1/2"]
[WhiteElo "2363"]
[BlackElo "2395"]
[PlyCount "95"]
[EventDate "2020.04.07"]
[WhiteTeam "Broadland Kestrels"]
[BlackTeam "Warwick University A"]

1. e4 e6 2. d4 d5 3. Nd2 h6 4. Ngf3 Nf6 5. e5 Nfd7 6. Be2 c5 7. c3 Nc6 8. O-O
Be7 9. Nb3 c4 10. Nbd2 b5 11. a3 O-O 12. Ne1 a5 13. f4 Rb8 14. g4 b4 15. Ng2 f6
16. Nf3 f5 17. h3 g6 18. Qe1 Kh7 19. Bd1 Nb6 20. Ne3 b3 21. Qg3 Rg8 22. Rf2 Bd7
23. Rg2 Qf8 24. h4 Qf7 25. g5 h5 26. Nh2 Kg7 27. Qe1 Kf8 28. Nef1 Ke8 29. Bf3
Kd8 30. Ng3 Kc7 31. Nhf1 Kb7 32. Ne3 Ka7 33. Ne2 Rbe8 34. Ng3 Rh8 35. Ngf1 Bd8
36. Nd1 Bc7 37. Be3 a4 38. Nd2 Ne7 39. Qf1 Bb5 40. Be2 Ba6 41. Bf2 Nc6 42. Nf3
Na5 43. Ne3 Bb7 44. Be1 Rhg8 45. Bd1 Rh8 46. Be2 Rhg8 47. Bd1 Rh8 48. Be2
1/2-1/2

[Event "4NCL Online Division 1"]
[Site "online"]
[Date "2020.04.07"]
[Round "1.32"]
[White "Daskalov, Dimitar"]
[Black "Diakonova, Ekaterina"]
[Result "1-0"]
[WhiteElo "2365"]
[BlackElo "2209"]
[PlyCount "141"]
[EventDate "2020.04.07"]
[WhiteTeam "Warwick University A"]
[BlackTeam "Broadland Kestrels"]

1. e4 c5 2. Nc3 g6 3. Nf3 Bg7 4. d4 cxd4 5. Nxd4 Nc6 6. Be3 Nf6 7. Bc4 O-O 8.
Bb3 d6 9. f3 Bd7 10. Qd2 Nxd4 11. Bxd4 b5 12. h4 a5 13. h5 e6 14. a4 bxa4 15.
Nxa4 Rb8 16. hxg6 hxg6 17. Be3 Re8 18. Bh6 Bh8 19. Qxd6 Bxa4 20. Qxd8 Rexd8 21.
Rxa4 Nd7 22. Rxa5 Bxb2 23. Bd2 Rdc8 24. Ra2 Bf6 25. Ke2 Nb6 26. Bf4 Rb7 27. Be3
Kg7 28. g4 Nd7 29. g5 Be5 30. Ra5 Bc3 31. Ra7 Rxa7 32. Bxa7 Nc5 33. Rd1 Rc7 34.
Bb6 Rc6 35. Bd8 Rc8 36. Be7 Rc7 37. Bd8 Rc8 38. Ke3 Nb7 39. Bb6 Nc5 40. f4 Rc6
41. Bd8 Rc8 42. e5 Kf8 43. Bf6 Nxb3 44. cxb3 Ke8 45. Rd3 Bb4 46. Ke4 Ba5 47.
Rd6 Rb8 48. Ra6 Bd2 49. Ra7 Bc1 50. Re7+ Kf8 51. Rc7 Bd2 52. Be7+ Ke8 53. Bd6
Rxb3 54. Re7+ Kd8 55. Rxf7 Re3+ 56. Kd4 Rf3 57. Rg7 Rxf4+ 58. Kd3 Bc1 59. Rxg6
Rg4 60. Rg8+ Kd7 61. g6 Bb2 62. g7 Rg3+ 63. Kc2 Rg2+ 64. Kd1 Rg1+ 65. Ke2 Ba3
66. Bxa3 Rg5 67. Bd6 Rg3 68. Ra8 Rxg7 69. Ra7+ Ke8 70. Rxg7 Kd8 71. Kd3 1-0

[Event "4NCL Online Division 1"]
[Site "online"]
[Date "2020.04.07"]
[Round "1.33"]
[White "Bin-Suhayl, Ieysaa"]
[Black "Dicu, Dan-Alexandru"]
[Result "1-0"]
[WhiteElo "2193"]
[BlackElo "2130"]
[PlyCount "81"]
[EventDate "2020.04.07"]
[WhiteTeam "Broadland Kestrels"]
[BlackTeam "Warwick University A"]

1. Nf3 d5 2. c4 d4 3. b4 f6 4. e3 e5 5. Qa4+ Bd7 6. Qb3 a5 7. b5 Bf5 8. exd4
exd4 9. d3 Bb4+ 10. Nbd2 Qe7+ 11. Be2 Bc3 12. Ba3 Qe6 13. O-O-O Kf7 14. Rhe1
Nd7 15. Bf1 a4 16. Qc2 Qb6 17. Bb2 Nh6 18. Bxc3 dxc3 19. Qxc3 Qxf2 20. Re2 Qb6
21. Rde1 Rhe8 22. d4 c5 23. bxc6 bxc6 24. c5 Qb7 25. Rxe8 Rxe8 26. Bc4+ Kf8 27.
Rxe8+ Kxe8 28. Qa5 Ng4 29. Qxa4 Ne3 30. Ba6 Qc7 31. g3 Kf7 32. Qb3+ Nd5 33. Bc4
Be6 34. Ne4 g6 35. Nd6+ Ke7 36. a4 f5 37. Bxd5 Bxd5 38. Qe3+ Be6 39. Qg5+ Kf8
40. Qh6+ Kg8 41. Ne8 1-0

[Event "4NCL Online Division 1"]
[Site "online"]
[Date "2020.04.07"]
[Round "1.34"]
[White "Mulay, Partha"]
[Black "Saravanan, Karthik"]
[Result "0-1"]
[WhiteElo "2147"]
[BlackElo "1930"]
[PlyCount "138"]
[EventDate "2020.04.07"]
[WhiteTeam "Warwick University A"]
[BlackTeam "Broadland Kestrels"]

1. Nf3 Nf6 2. c4 g6 3. Nc3 Bg7 4. g3 d6 5. d4 O-O 6. Bg2 Nc6 7. O-O Ng4 8. h3
Nh6 9. e4 f5 10. d5 Ne5 11. Nxe5 dxe5 12. exf5 Nxf5 13. b3 e4 14. Bd2 Bd4 15.
Kh2 e3 16. fxe3 Be5 17. Ne4 Nxg3 18. Nxg3 Bxg3+ 19. Kg1 Bd7 20. Bc3 Rxf1+ 21.
Qxf1 Qf8 22. Qe2 Qh6 23. Qf3 Bd6 24. Rf1 Rf8 25. Qxf8+ Qxf8 26. Rxf8+ Kxf8 27.
b4 b6 28. Kf2 e5 29. e4 Ke7 30. Bf1 Kf6 31. Kg3 h5 32. Be2 Ba4 33. Kf2 Kg5 34.
Ke3 Kh4 35. Bf1 Bd7 36. Be1+ Kg5 37. Kf3 Kf6 38. Kg3 Kg5 39. Bd2+ Kf6 40. Be2
Ba4 41. Bd3 g5 42. a3 h4+ 43. Kg2 Bd1 44. Be3 Ba4 45. Be2 c5 46. dxc6 Bxc6 47.
Kf3 Bd7 48. Bf1 Ba4 49. Bf2 Bd1+ 50. Be2 Ba4 51. Bf1 Bd7 52. Ke3 Ke6 53. Kd3
Be7 54. Be2 Kd6 55. Bf1 Kc6 56. Kc3 Be6 57. Be1 g4 58. hxg4 Bxg4 59. Kd3 Bg5
60. Be2 Bh3 61. Bf3 Bf1+ 62. Kc3 h3 63. Bg3 Bf4 64. Bxf4 exf4 65. e5+ Kd7 66.
Kd4 Bg2 67. Ke4 Bxf3+ 68. Kxf3 Ke6 69. c5 bxc5 0-1

[Event "4NCL Online Division 1"]
[Site "online"]
[Date "2020.04.07"]
[Round "1.41"]
[White "Hoffmann, Hendrik"]
[Black "Jackson, James P"]
[Result "1/2-1/2"]
[WhiteElo "2402"]
[BlackElo "2386"]
[PlyCount "117"]
[EventDate "2020.04.07"]
[WhiteTeam "Celtic Tigers"]
[BlackTeam "Barbican 4NCL"]

1. e4 e5 2. Nf3 Nc6 3. Nc3 Nf6 4. d4 exd4 5. Nxd4 Bb4 6. Nxc6 bxc6 7. Bd3 O-O
8. O-O d5 9. exd5 cxd5 10. h3 c6 11. Bf4 Re8 12. Qf3 Qe7 13. Bg5 h6 14. Bxf6
Qxf6 15. Qxf6 gxf6 16. Ne2 Bc5 17. Ng3 Re5 18. Kh2 Rb8 19. f4 Re8 20. Rae1 Bd7
21. Nh5 Re6 22. Rxe6 Bxe6 23. f5 Bc8 24. Nxf6+ Kg7 25. Nh5+ Kf8 26. Re1 Be7 27.
b3 Bb4 28. Re2 Bc3 29. Ng3 f6 30. Nf1 Be5+ 31. Kg1 Ke7 32. c4 Kd6 33. Nd2 a5
34. Kf2 a4 35. bxa4 Rb4 36. a5 h5 37. g3 Ra4 38. cxd5 cxd5 39. Nb3 h4 40. gxh4
Rxh4 41. Rc2 Bd7 42. a6 Rxh3 43. a7 Rh8 44. Ke3 Ra8 45. Nd4 Bxd4+ 46. Kxd4 Rxa7
47. Rh2 Ra3 48. Rh6 Ra4+ 49. Kc3 Ke5 50. Kb3 Ra8 51. Rh7 Rb8+ 52. Kc3 d4+ 53.
Kd2 Rb2+ 54. Kc1 Rb7 55. Re7+ Kd6 56. Rf7 Ke5 57. Re7+ Kd6 58. Rf7 Ke5 59. Re7+
1/2-1/2

[Event "4NCL Online Division 1"]
[Site "online"]
[Date "2020.04.07"]
[Round "1.42"]
[White "Cox, John J"]
[Black "Maciol, Ryszard"]
[Result "1-0"]
[WhiteElo "2315"]
[BlackElo "2215"]
[PlyCount "99"]
[EventDate "2020.04.07"]
[WhiteTeam "Barbican 4NCL"]
[BlackTeam "Celtic Tigers"]

1. d4 Nf6 2. c4 e6 3. Nc3 Bb4 4. f3 d5 5. a3 Bxc3+ 6. bxc3 c5 7. cxd5 exd5 8.
e3 O-O 9. Bd3 Be6 10. Ne2 Nc6 11. O-O cxd4 12. cxd4 Qd7 13. Ng3 Na5 14. Bb1 Qb5
15. a4 Qb6 16. Qd3 g6 17. Ra2 Rac8 18. Ba3 Rfe8 19. Qb5 Nc4 20. Qxb6 axb6 21.
Bc1 h5 22. h4 Ra8 23. Ne2 Bd7 24. Nc3 Nxe3 25. Re1 Nf5 26. Rxe8+ Bxe8 27. Bg5
Nh7 28. Bxf5 Nxg5 29. hxg5 gxf5 30. Nxd5 Rxa4 31. Rd2 b5 32. Nf6+ Kf8 33. d5 b4
34. d6 Ra1+ 35. Kh2 b3 36. Rb2 Rd1 37. Rxb3 Bc6 38. d7 Bxd7 39. Rxb7 Bc6 40.
Rc7 Rc1 41. Kg3 Rc2 42. Nxh5 Rc4 43. Nf6 Kg7 44. Nd7 Bd5 45. Rxc4 Bxc4 46. Kf4
Bf1 47. g3 Be2 48. Nf6 Bd1 49. Nd5 Bc2 50. Ne3 1-0

[Event "4NCL Online Division 1"]
[Site "online"]
[Date "2020.04.07"]
[Round "1.43"]
[White "Kolasinski, Krzysztof"]
[Black "French, Max"]
[Result "1-0"]
[WhiteElo "2117"]
[BlackElo "2248"]
[PlyCount "173"]
[EventDate "2020.04.07"]
[WhiteTeam "Celtic Tigers"]
[BlackTeam "Barbican 4NCL"]

1. e4 c6 2. d4 d5 3. Nc3 dxe4 4. Nxe4 Bf5 5. Ng3 Bg6 6. h4 h6 7. Nh3 e6 8. Nf4
Bh7 9. Bc4 Nf6 10. Nfh5 Nbd7 11. c3 Nxh5 12. Nxh5 Nf6 13. Bf4 Nxh5 14. Qxh5 Bd6
15. Bxd6 Qxd6 16. O-O O-O 17. Rfe1 Qf4 18. g3 Qf6 19. Re5 Rac8 20. Rae1 Rc7 21.
b4 b6 22. a4 Bf5 23. a5 Ra8 24. Qf3 Bg6 25. Qe2 Rd8 26. Kg2 c5 27. dxc5 bxc5
28. b5 Rd6 29. Qe3 Bf5 30. Rxc5 Rxc5 31. Qxc5 Qxc3 32. Re3 Rd3 33. Rxd3 Bxd3
34. Qc8+ Kh7 35. Bxd3+ Qxd3 36. Qc6 Qd2 37. b6 Qxa5 38. b7 Qb4 39. Qc2+ f5 40.
Qc7 Qe4+ 41. Kf1 Qh1+ 42. Ke2 Qe4+ 43. Kd2 Qd4+ 44. Kc2 Qa4+ 45. Kc3 Qa1+ 46.
Kb4 Qd4+ 47. Ka5 Qd5+ 48. Ka6 Qa2+ 49. Qa5 Qe2+ 50. Kxa7 Qxf2+ 51. Qb6 Qa2+ 52.
Qa6 Qf2+ 53. Ka8 Qf3 54. Qxe6 Qa3+ 55. Kb8 Qf8+ 56. Kc7 Qc5+ 57. Qc6 Qe7+ 58.
Kb6 Qb4+ 59. Qb5 Qd6+ 60. Ka7 Qa3+ 61. Qa6 Qc5+ 62. Ka8 Qd5 63. h5 Qe4 64. Qg6+
Kg8 65. Kb8 Qe5+ 66. Kc8 Qc5+ 67. Kd7 Qd5+ 68. Kc7 Qc5+ 69. Qc6 Qe7+ 70. Kc8
Qf8+ 71. Kd7 Qf7+ 72. Kd8 Qb3 73. Kc8 Kh7 74. b8=Q Qg8+ 75. Kc7 Qf7+ 76. Qd7
Qc4+ 77. Kb6 Qb3+ 78. Qb5 Qe3+ 79. Kb7 Qe4+ 80. Qc6 Qb4+ 81. Kc8 Qf8+ 82. Kc7
Qe7+ 83. Qd7 Qc5+ 84. Kd8 Qf8+ 85. Qe8 Qf6+ 86. Qe7 Qd4+ 87. Qbd6 1-0

[Event "4NCL Online Division 1"]
[Site "online"]
[Date "2020.04.07"]
[Round "1.44"]
[White "Brett, Andrew R"]
[Black "Pedersen, Carsten"]
[Result "0-1"]
[WhiteElo "2085"]
[BlackElo "2155"]
[PlyCount "124"]
[EventDate "2020.04.07"]
[WhiteTeam "Barbican 4NCL"]
[BlackTeam "Celtic Tigers"]

1. e4 e6 2. d4 d5 3. Nd2 Nf6 4. e5 Nfd7 5. Bd3 c5 6. c3 Nc6 7. Ne2 cxd4 8. cxd4
f6 9. exf6 Nxf6 10. Nf3 Bd6 11. O-O Qc7 12. h3 O-O 13. Be3 Bd7 14. Re1 Be8 15.
Ng5 Bf7 16. Rc1 h6 17. Nxf7 Qxf7 18. a3 Ne7 19. Bb1 Nf5 20. Qd3 Nxe3 21. Qxe3
Rae8 22. f4 Nh5 23. Qd3 Nf6 24. Qg6 Qxg6 25. Bxg6 Re7 26. g3 Nd7 27. Kg2 Rd8
28. Nc3 Nf8 29. Bd3 g6 30. Rc2 Bc7 31. Rce2 Rf7 32. Na4 Bd6 33. Rc2 g5 34. fxg5
hxg5 35. Nc5 Re8 36. Bb5 Ree7 37. b4 Rf6 38. Rf2 Rxf2+ 39. Kxf2 b6 40. Nb3 Rf7+
41. Kg2 Rc7 42. Rc1 Rxc1 43. Nxc1 Kf7 44. Kf3 Kf6 45. Bc6 Ng6 46. Nd3 Ne7 47.
Bb7 Nf5 48. h4 gxh4 49. gxh4 Nxh4+ 50. Ke2 Nf5 51. a4 Nxd4+ 52. Kd2 Ke7 53. a5
bxa5 54. bxa5 Nb3+ 55. Kc3 Nxa5 56. Ba6 Nc6 57. Bb7 Kd7 58. Ba6 Kc7 59. Kb3 e5
60. Kc3 e4 61. Nc1 Be5+ 62. Kc2 Nb4+ 0-1

[Event "4NCL Online Division 1"]
[Site "online"]
[Date "2020.04.07"]
[Round "1.51"]
[White "Loeffler, Stefan"]
[Black "Venkataramanan, T.S.."]
[Result "1-0"]
[WhiteElo "2349"]
[BlackElo "2335"]
[PlyCount "59"]
[EventDate "2020.04.07"]
[WhiteTeam "ChessPlus Alpha"]
[BlackTeam "Watford 1"]

1. e4 e5 2. Nf3 Nc6 3. Nc3 Nf6 4. a3 Be7 5. d4 exd4 6. Nxd4 O-O 7. Nxc6 dxc6 8.
Bf4 Nd7 9. Qf3 Bg5 10. Rd1 Qf6 11. Bxc7 Qe6 12. Be2 Ne5 13. Qg3 Bf6 14. f4 Nc4
15. e5 Be7 16. f5 Qxf5 17. Bxc4 Be6 18. Bd3 Qh5 19. Ne4 Bg4 20. Nf6+ Bxf6 21.
exf6 Rfe8+ 22. Kd2 Qg5+ 23. Bf4 Qxf6 24. Qxg4 Qxb2 25. Rhe1 Qxa3 26. Be5 g6 27.
Qf4 Rad8 28. Qf6 Rxd3+ 29. cxd3 Qa2+ 30. Kc1 1-0

[Event "4NCL Online Division 1"]
[Site "online"]
[Date "2020.04.07"]
[Round "1.52"]
[White "Stone, Andrew M"]
[Black "Jogstad, Martin"]
[Result "0-1"]
[WhiteElo "2192"]
[BlackElo "2311"]
[PlyCount "102"]
[EventDate "2020.04.07"]
[WhiteTeam "Watford 1"]
[BlackTeam "ChessPlus Alpha"]

1. Nf3 Nf6 2. c4 e6 3. g3 d5 4. Bg2 dxc4 5. Qa4+ Nbd7 6. Qxc4 a6 7. Qc2 c5 8.
O-O Rb8 9. d3 Bd6 10. e4 O-O 11. h3 b5 12. Be3 Bb7 13. Nbd2 Qe7 14. Rfd1 Rfc8
15. Rac1 e5 16. Nh4 g6 17. Nb3 Nf8 18. Na5 Ne6 19. Nxb7 Rxb7 20. Nf3 Rbc7 21.
Qb1 Kg7 22. Bf1 h6 23. Bd2 g5 24. Bc3 Nd7 25. Ne1 b4 26. Bd2 Nd4 27. Ng2 Qe6
28. Ne3 Nb6 29. Nc4 Nxc4 30. dxc4 Be7 31. Be3 g4 32. Bxd4 cxd4 33. hxg4 Qxg4
34. Qd3 h5 35. Be2 Qg6 36. Qf3 h4 37. Kg2 Bg5 38. Rb1 Rg8 39. g4 Bf4 40. Rh1
Qg5 41. Kh3 Rc6 42. Rhg1 Rf6 43. Qd3 Rh8 44. f3 Be3 45. Rg2 Qf4 46. g5 Rg6 47.
Rg4 Qg3+ 48. Rxg3 hxg3+ 49. Kg2 Rh2+ 50. Kxg3 Bf4+ 51. Kg4 Rxg5# 0-1

[Event "4NCL Online Division 1"]
[Site "online"]
[Date "2020.04.07"]
[Round "1.53"]
[White "Harakis, Alexis M"]
[Black "Karamazondo, Ernest"]
[Result "1-0"]
[WhiteElo "2266"]
[BlackElo "2117"]
[PlyCount "49"]
[EventDate "2020.04.07"]
[WhiteTeam "ChessPlus Alpha"]
[BlackTeam "Watford 1"]

1. d4 Nf6 2. c4 e5 3. dxe5 Ng4 4. Bf4 g5 5. Bg3 Bg7 6. Nf3 Nc6 7. Nc3 Ngxe5 8.
Nxe5 Nxe5 9. e3 d6 10. h4 g4 11. Qc2 h5 12. O-O-O Be6 13. Bd3 O-O 14. Nd5 Bxd5
15. Bh7+ Kh8 16. Rxd5 c6 17. Rd2 Qa5 18. a3 b5 19. Bxe5 Bxe5 20. Qf5 bxc4 21.
Rc2 c3 22. Qxh5 cxb2+ 23. Kb1 Qxa3 24. Bf5+ Kg7 25. Qg5+ 1-0

[Event "4NCL Online Division 1"]
[Site "online"]
[Date "2020.04.07"]
[Round "1.54"]
[White "Nelson, Omowale"]
[Black "Atkins, Rita"]
[Result "1-0"]
[WhiteElo "2027"]
[BlackElo "2051"]
[PlyCount "67"]
[EventDate "2020.04.07"]
[WhiteTeam "Watford 1"]
[BlackTeam "ChessPlus Alpha"]

1. d4 d6 2. c4 e5 3. d5 f5 4. e4 fxe4 5. Nc3 Nf6 6. Bg5 Bf5 7. Nge2 Be7 8. Ng3
Bg6 9. h4 h6 10. Bxf6 gxf6 11. Qg4 Rg8 12. Ncxe4 Qd7 13. Qf3 f5 14. Nc3 Na6 15.
c5 e4 16. Qe3 Nxc5 17. Bb5 c6 18. Bc4 Nd3+ 19. Bxd3 exd3 20. O-O-O c5 21. Qxh6
O-O-O 22. Qf4 Bf6 23. Rxd3 Be5 24. Qf3 f4 25. Nge4 Qf5 26. Rd2 b5 27. Qe2 b4
28. Qa6+ Kd7 29. Nxd6 Bxd6 30. Re1 Be5 31. Rxe5 Qxe5 32. Re2 Qxe2 33. Nxe2 Bf5
34. Nxf4 1-0

[Event "4NCL Online Division 1"]
[Site "online"]
[Date "2020.04.07"]
[Round "1.61"]
[White "Maze, Sebastien"]
[Black "Kalavannan, Koby"]
[Result "0-1"]
[WhiteElo "2557"]
[BlackElo "2324"]
[PlyCount "110"]
[EventDate "2020.04.07"]
[WhiteTeam "Gonzaga"]
[BlackTeam "Surbiton 1"]

1. e4 c5 2. Nf3 Nc6 3. Bb5 Nf6 4. Nc3 Qc7 5. d3 e6 6. O-O d6 7. Bxc6+ Qxc6 8.
d4 Nxe4 9. Nxe4 Qxe4 10. Re1 Qd5 11. b3 Be7 12. c4 Qf5 13. dxc5 dxc5 14. Bb2
O-O 15. Qe2 b6 16. Rad1 Bb7 17. Rd7 Bxf3 18. Qxf3 Qxf3 19. gxf3 Rfe8 20. Red1
Red8 21. Kf1 f6 22. Ke2 Kf7 23. Rb7 Rxd1 24. Kxd1 e5 25. Ke2 Ke6 26. a4 g5 27.
Bc3 h5 28. h3 h4 29. a5 bxa5 30. Bxa5 Bd6 31. Kd3 Rb8 32. Rxb8 Bxb8 33. Bd2 Kf7
34. Ke2 Ke6 35. Be3 Bd6 36. Kd3 Kf5 37. Bc1 Kg6 38. Ke2 a6 39. Bd2 Kf5 40. Kd3
Be7 41. Ba5 Kf4 42. Ke2 e4 43. Bc7+ Kf5 44. Ke3 exf3 45. Kxf3 Bf8 46. Bb8 Ke6
47. Kg4 Bd6 48. Ba7 Ke5 49. Bb6 Kd4 50. Bd8 Be5 51. Kf5 Kc3 52. f3 Kxb3 53.
Bxf6 Bxf6 54. Kxf6 a5 55. Kxg5 a4 0-1

[Event "4NCL Online Division 1"]
[Site "online"]
[Date "2020.04.07"]
[Round "1.62"]
[White "Ratnesan, Ranesh"]
[Black "Collins, Sam E."]
[Result "0-1"]
[WhiteElo "2258"]
[BlackElo "2457"]
[PlyCount "84"]
[EventDate "2020.04.07"]
[WhiteTeam "Surbiton 1"]
[BlackTeam "Gonzaga"]

1. d4 Nf6 2. c4 g6 3. g3 Bg7 4. Bg2 O-O 5. Nc3 d6 6. Nf3 Nbd7 7. O-O e5 8. e4
a6 9. Qc2 exd4 10. Nxd4 Ne5 11. b3 c5 12. Nde2 Rb8 13. Bg5 h6 14. Be3 b5 15.
Rad1 Qe7 16. f4 Neg4 17. Bc1 b4 18. Nb1 h5 19. h3 Nh6 20. Rfe1 Bb7 21. Nd2 Rfe8
22. Bb2 Nxe4 23. Bxg7 Kxg7 24. Nc3 Nxc3 25. Rxe7 Rxe7 26. Bxb7 Nxd1 27. Qxd1
Rbxb7 28. Nf3 Rbd7 29. Nh4 Re3 30. Kf2 Rde7 31. Qxd6 Re2+ 32. Kf1 Re1+ 33. Kf2
R7e2+ 34. Kf3 Re3+ 35. Kf2 R1e2+ 36. Kf1 Rxa2 37. Qxc5 Rxb3 38. Qd4+ Kh7 39.
Qe4 Ra1+ 40. Ke2 Rb2+ 41. Kd3 Rd1+ 42. Ke3 Re1+ 0-1